000
00301nam a22001097a 4500
008
230621b xxu||||| |||| 00| 0 eng d
082
_a
328.35
_b
IPU
245
_a
Inter-Parliamentary Bulletin
260
_a
Geneva
_b
Official Organ of the Inter-Parliamentary Union
_c
1982
300
_a
85p
942
_2
ddc
_c
BK
999
_c
2197
_d
2197